Did they win a Nobel Prize? - Statistics

General Stats
  • This quiz has been taken 193 times
  • The average score is 7 of 11
Answer Stats
Question Answer % Correct
Nelson Mandela Yes
87%
Albert Einstein Yes
85%
Mother Theresa Yes
82%
Cesar Chavez No
74%
Eleanor Roosevelt No
72%
Pope John Paul II No
65%
Mohandas K. Gandhi No
61%
Werner Heisenberg Yes
59%
Robert Frost No
53%
Theodore Roosevelt Yes
50%
Martin Luther King, Jr. Yes
40%
No matching quizzes found
Score Distribution
Percent of People with Each Score
Percentile by Number Answered
Your Score History
You have not taken this quiz